Culture Générale - Série 2046 - Statistiques

Statistiques générales
  • Ce quiz a été pris 93 fois
  • Le résultat moyen est 4 sur 10
Statistiques - réponses
Question Réponse % Correct
Complétez cette locution proverbiale synonyme de « fierté poussée à l'extrême », et souvent ridicule : "Fier comme .... Artaban
79%
De quel département français Guéret est-il la préfecture ? Creuse
68%
Matelas de coton de faible épaisseur, que l'on peut rouler, couchage traditionnel au Japon. futon
64%
Ce mot désigne un grand édredon ou une tresse de cheveux couette
56%
Unité dérivée du Système international pour quantifier l'énergie, le travail et la quantité de chaleur joule
41%
Quel musicien célèbre l'actrice Charlotte Rampling a-t-elle épousé en 1978 ? Jean Michel Jarre
39%
Quel fleuve traverse la ville portugaise de Porto ? Douro
31%
Dans quelle mer se jette le fleuve Niémen ? Baltique
26%
Le Salève est une montagne des Préalpes située dans le département 74. On l'appelle aussi le « balcon de .... voir photo Genève
10%
Laïc qui est donné ou se donne à un monastère qui l'accueille pour lui permettre de vivre certains aspects de la vie et de la spiritualité monastique. oblat
1%
Aucun quiz correspondant
Distribution des résultats
% des personnes avec chaque résultat
Percentile par nombre de réponses
Votre historique - résultats
Vous n’avez pas pris ce quiz